Chemistry in context / (Record no. 26317)

MARC details
000 -LEADER
fixed length control field 01110cam a22003135i 4500
001 - CONTROL NUMBER
control field 011937914
003 - CONTROL NUMBER IDENTIFIER
control field EG-ScBUE
005 - DATE AND TIME OF LATEST TRANSACTION
control field 20250702092621.0
008 - FIXED-LENGTH DATA ELEMENTS--GENERAL INFORMATION
fixed length control field 951016s1995 enka f 001 0 eng d
020 ## - INTERNATIONAL STANDARD BOOK NUMBER
International Standard Book Number 0174481918
020 ## - INTERNATIONAL STANDARD BOOK NUMBER
International Standard Book Number 9780174481911
040 ## - CATALOGING SOURCE
Original cataloging agency EG-ScBUE
Language of cataloging eng
Description conventions rda
Transcribing agency EG-ScBUE
Modifying agency EG-ScBUE
082 04 - DEWEY DECIMAL CLASSIFICATION NUMBER
Classification number 540
Edition number 22
Item number HIL
100 1# - MAIN ENTRY--PERSONAL NAME
Personal name Hill, G. C.
Fuller form of name (Graham C.),
Dates associated with a name 1942-
Relator term author.
245 10 - TITLE STATEMENT
Title Chemistry in context /
Statement of responsibility, etc Graham C. Hill, M.A. (Cantab), FRSA, Dr. Challoner's Grammar School, Amersham, John S. Holman, M.A. (Cantab), FRSC, Watford Grammar School.
250 ## - EDITION STATEMENT
Edition statement Fourth edition.
264 #1 - PUBLICATION, DISTRIBUTION, ETC. (IMPRINT)
Place of publication, distribution, etc Walton-on-Thames :
Name of publisher, distributor, etc Thomas Nelson and Sons, Ltd.,
Date of publication, distribution, etc 1995.
300 ## - PHYSICAL DESCRIPTION
Extent 614 pages :
Other physical details illustrations ;
Dimensions 28 cm
336 ## - CONTENT TYPE
Source rdacontent
Content type term text
Content type code txt
337 ## - MEDIA TYPE
Media type term unmediated
Source rdamedia
Media type code n
338 ## - CARRIER TYPE
Carrier type term volume
Carrier type code nc
Source rdacarrier
500 ## - GENERAL NOTE
General note Previous edition : 1989.
500 ## - GENERAL NOTE
General note Includes index.
650 #7 - SUBJECT ADDED ENTRY--TOPICAL TERM
Topical term or geographic name as entry element Chemistry.
Source of heading or term BUEsh
9 (RLIN) 4328
653 1# - INDEX TERM--UNCONTROLLED
Uncontrolled term Chemistry
Resource For college Engineering, Chemical
Arrived date list March2018
655 ## - INDEX TERM--GENRE/FORM
Form subdivision Reading book
700 1# - ADDED ENTRY--PERSONAL NAME
Personal name Holman, John S.
Fuller form of name (John Stranger),
Dates associated with a name 1946-
Relator term author.
942 ## - ADDED ENTRY ELEMENTS (KOHA)
Source of classification or shelving scheme Dewey Decimal Classification
Koha item type Book - Borrowing
Holdings
Withdrawn status Lost status Source of classification or shelving scheme Damaged status Not for loan Collection code Home library Current library Shelving location Date acquired Total Checkouts Full call number Barcode Date last seen Price effective from Koha item type
    Dewey Decimal Classification     Baccah Central Library Central Library First floor 15/03/2018   540 HIL 000047422 15/07/2025 15/03/2018 Book - Borrowing